000 00326nam a2200145Ia 4500
008 210210b1868 xxu||||| |||| 00| 0 eng d
041 _aeng
082 _a829/145
100 _aCOLLINS (W)
245 _aMoonstone
260 _aLondon
_bCollins
_c1868
650 _aMoonstone
690 _aEnglish Fiction
906 _a016751
999 _c136431
_d136431